000 00871nam a2200277 i 4500
001 C2-0337400
003 PPAK
005 20180728140142.0
008 160823s2016 my a|||| ||||| | eng d
020 _a9789830076782
040 _aPPAK
_beng
_cPPAK
_erda
082 0 4 _a540.76
_223
090 0 0 _a540.76
_bYIP
_dR
100 1 _aYip, Peter,
_eauthor
245 1 0 _aChemistry. Term 3
264 1 _aBangi, Selangor :
_bPenerbitan Pelangi Sdn. Bhd. ,
_c2016
300 _aviii, 358 pages :
_bcolour illustrations ;
_c26 cm + 1 set actual STPM questions
336 _2rdacontent
_atext
337 _2rdamedia
_aunmediated
338 _2rdacarrier
_avolume
490 1 _aPre-U STPM text term 3
500 _aIncludes questions and answers. ; Includes index.
650 1 0 _aChemistry - Problems, exercises, etc.
830 0 _aPre-U STPM text term 3
942 _ddc
_cB
999 _c135062
_d135062